000 004420000a22001810004500
003 MACL
005 20151205121357.0
008 151205b xxu||||| |||| 00| 0 eng d
040 _aMACL
_cMACL
041 _aEnglish
082 _a741.642
100 _aRoa, Shanta Rameshwar
_919219
245 _aMohini and The Demon
260 _bNational Book Trust
_c1990
350 _a8
650 _aChildren's Books
_97484
942 _cBK
_k741.642
_2ddc
999 _c4562
_d4562